000 00336nam a2200157Ia 4500
003 Ost
005 20260225132548.0
008 260225s9999||||xx |||||||||||||| ||und||
040 _cfsic
041 _afre
082 _a440
100 _aDjemma
_eAuteur
245 0 _aLes Tanneurs de manakech /
245 0 _cDjemma
942 _cكتاب
999 _c33981
_d33981